Catálogo
 En Linea

Adiciones y repertorio general de la practica universal forense de los Tribunales Superiores e Inferiores de España e Indias : (Registro nro. 33635)

Detalles MARC
000 -CABECERA
campo de control de longitud fija 01025nam a2200193 a 4500
001 - NÚMERO DE CONTROL
campo de control 000034144
005 - FECHA Y HORA DE LA ÚLTIMA TRANSACCIÓN
campo de control 20200930070819.0
008 - DATOS DE LONGITUD FIJA--INFORMACIÓN GENERAL
campo de control de longitud fija 110926s1793 es 000 0 spa d
040 ## - FUENTE DE LA CATALOGACIÓN
Centro catalogador/agencia de origen DO-SdBNP
Lengua de catalogación spa
Centro/agencia transcriptor BNPHU
049 ## - FONDOS LOCALES (OCLC)
Fondos de biblioteca BNPD
100 1# - ENTRADA PRINCIPAL--NOMBRE DE PERSONA
Nombre de persona Boada de las Costas y Figueras, Pedro
9 (RLIN) 59564
245 10 - MENCIÓN DE TÍTULO
Título Adiciones y repertorio general de la practica universal forense de los Tribunales Superiores e Inferiores de España e Indias :
Resto del título un tratado individual de los seis juicios, civil, ordinario, executivo, criminal, eclesiastico, extraordinario ex-abrupto y del de contrabando : un índice de las reales cédulas y decretos pontificios contenidos en los apendices del septimo y octavo tomo y de las colocadas al fin de esta obra /
Mención de responsabilidad, etc. su autor doctor Pedro Boada de las Costas y Figueras.
260 ## - PUBLICACIÓN, DISTRIBUCIÓN, ETC.
Lugar de publicación, distribución, etc. Madrid :
Nombre del editor, distribuidor, etc. por Ramon Ruiz,
Fecha de publicación, distribución, etc. 1793.
300 ## - DESCRIPCIÓN FÍSICA
Extensión v. ;
Dimensiones 21 cm.
500 ## - NOTA GENERAL
Nota general La biblioteca posee el v. 1-2
500 ## - NOTA GENERAL
Nota general Incluyen índice
500 ## - NOTA GENERAL
Nota general Texto en dos columnas
700 1# - PUNTO DE ACCESO ADICIONAL--NOMBRE DE PERSONA
Nombre de persona Elizondo, Francisco Antonio de.
9 (RLIN) 59095
Existencias
Estado de retiro Estado de pérdida Restricciones de uso No para préstamo Código de colección Localización permanente Ubicación/localización actual Ubicación en estantería Fecha de adquisición Número de inventario Total de préstamos Signatura topográfica completa Código de barras Fecha visto por última vez Precio válido a partir de Tipo de ítem Koha Nota pública
      Excluido de préstamo Monografías: Libros y Folletos General General En catalogación 26.09.2011 LF1   v. 1 34144-10 25.06.2020 25.06.2020 No se presta Perteneció a la biblioteca personal de Julio Ortega Frier.
        Monografías: Libros y Folletos General General Orden iniciada 26.09.2011 LF1   v. 2 34144-20 25.06.2020 25.06.2020 No se presta Perteneció a la biblioteca personal de Julio Ortega Frier.
        Monografías: Libros y Folletos General General Orden iniciada 26.09.2011 LF1   34145-10 25.06.2020 25.06.2020 No se presta  

Con tecnología Koha